<?xml version="1.0" encoding="UTF-8"?>
<marc:record xmlns:marc="http://www.loc.gov/MARC21/slim">
   <marc:leader>00000nam a2200000 a 4500</marc:leader>
   <marc:datafield ind1="1" ind2=" " tag="100">
      <marc:subfield code="a">Hirschler, Herbert</marc:subfield>
      <marc:subfield code="4">aut</marc:subfield>
      <marc:subfield code="e">Verfasser/-in</marc:subfield>
   </marc:datafield>
   <marc:datafield ind1=" " ind2=" " tag="653">
      <marc:subfield code="a">Kriminalroman</marc:subfield>
   </marc:datafield>
   <marc:datafield ind1="0" ind2="0" tag="245">
      <marc:subfield code="a">Blind Date im Heu - Marie ermittelt</marc:subfield>
   </marc:datafield>
   <marc:datafield ind1="0" ind2="0" tag="245">
      <marc:subfield code="b">Krimikomödie aus Österreich</marc:subfield>
   </marc:datafield>
   <marc:datafield ind1=" " ind2="1" tag="264">
      <marc:subfield code="b">Carl Ueberreuter Verlag GmbH</marc:subfield>
      <marc:subfield code="c">2026</marc:subfield>
   </marc:datafield>
   <marc:datafield ind1="1" ind2=" " tag="520">
      <marc:subfield code="a">Mit "Blind Date im Heu" sendet Land TV die wohl schrägste Kuppelshow des Jahres. Drei g´standene Mannsbilder wollen die große Liebe finden. Doch bevor überhaupt die ersten Funken srühen, liegt einer der Kandidaten tot im Stroh - vor laufender Kamera, zur besten Sendezeit.
Revierinspektorin Mari Unterholzer glaubt nicht an einen natürlichen Tod. Gemeinsam mit der chaotischen Drama-Quenn Janine und dem nerdigen PC-Freak Tobi ermittelt sie zwischen Kuhstall und Scheinwerferlicht. Als es ein weiteres Opfer gibt, gerät die Dorfidylle gehörig ins Wanken. Und das ganze Land schaut zu.....</marc:subfield>
   </marc:datafield>
   <marc:datafield ind1=" " ind2=" " tag="020">
      <marc:subfield code="a">9783800090044</marc:subfield>
      <marc:subfield code="9">9783800090044</marc:subfield>
   </marc:datafield>
</marc:record>
